| 000 | 01609cam a2200349 i 4500 | ||
|---|---|---|---|
| 999 |
_c275 _d275 |
||
| 001 | 18635793 | ||
| 003 | OSt | ||
| 005 | 20180813085335.0 | ||
| 008 | 150528s2016 ilu b 001 0 eng | ||
| 010 | _a 2015018527 | ||
| 020 | _a9781433551819 (tp) | ||
| 040 |
_aDLC _beng _cDLC _erda _dDLC |
||
| 042 | _apcc | ||
| 050 | 0 | 0 |
_aBT708 _b.P495 2016 |
| 082 | 0 | 0 |
_a233.5 _223 _bP665C |
| 100 | 1 |
_aPiper, John, _d1946- |
|
| 245 | 1 | 0 |
_a50 crucial questions : _ban overview of central concerns about manhood and womanhood / _cJohn Piper and Wayne Grudem. |
| 246 | 3 | _aFifty crucial questions | |
| 264 | 1 |
_aWheaton, Illinois : _bCrossway, _c[2016] |
|
| 300 |
_a94 pages ; _c21 cm |
||
| 336 |
_atext _btxt _2rdacontent |
||
| 337 |
_aunmediated _bn _2rdamedia |
||
| 338 |
_avolume _bnc _2rdacarrier |
||
| 500 | _a"First published as "On Overview of Central Concerns: Questions and Answers," chapter 2 in Recovering Biblical Manhood and Womanhood: A Response to Evangelical Feminism, edited by John Piper and Wayne Grudem (Crossway), copyright © 1991, 2006 by The Council on Biblical Manhood and Womanhood. | ||
| 504 | _aIncludes bibliographical references and index. | ||
| 650 | 0 |
_aSex role _xReligious aspects _xChristianity _vMiscellanea. |
|
| 700 | 1 | _aGrudem, Wayne A. | |
| 776 | 0 | 8 |
_iOnline version: _aPiper, John, 1946- _t50 crucial questions _bSecond Edition. _dWheaton, Illinois : Crossway, 2016 _z9781433551826 _w(DLC) 2016004234 |
| 906 |
_a7 _bcbc _corignew _d1 _eecip _f20 _gy-gencatlg |
||
| 942 |
_2ddc _cBK |
||